000 00319nam a2200133Ia 4500
005 20251222143158.0
008 251222s9999||||xx |||||||||||||| ||spa||
020 _a9972-631-03-6
082 _a869.57/M19G
100 _aMalpartida Quispe, Miguel Ángel
245 0 _aGalería
264 _bDedo Crítico
942 _cLIB
999 _c12946
_d12946